000 00577nam a2200217 a 4500
001 BRCA_7086
005 20190320205716.0
008 081211s1910----sp-#######---#000-0#spa-#
041 _aspa
044 _asp
050 4 _aPZ3
_b.V24 1910
100 1 _aValera, Juan
_d1824-1905
_917613
245 1 0 _aDoña Luz
_bNovelas
260 _aMadrid
_bImprenta alemana
_c1910
440 0 _aObras Completas
_v3
_917614
500 _aEstado físico: lomo roto, algunas páginas desprendidas.
500 _aO83
650 1 4 _aNovelas españolas
_917615
902 _aGFM
942 _2lcc
_cB
999 _c6767
_d6767